Eastern Utah Libraries Catalog: Duchesne, Heber, Roosevelt, & Vernal

This land / (Record no. 407086)

MARC details
000 -LEADER
fixed length control field 02299cam a22005175i 4500
001 - CONTROL NUMBER
control field 23932153
005 - DATE AND TIME OF LATEST TRANSACTION
control field 20250416152629.0
008 - FIXED-LENGTH DATA ELEMENTS--GENERAL INFORMATION
fixed length control field 241125t20242024nyua b 000 1 eng d
010 ## - LIBRARY OF CONGRESS CONTROL NUMBER
LC control number 2024405126
020 ## - INTERNATIONAL STANDARD BOOK NUMBER
International Standard Book Number 9780593651445
Qualifying information (trade)
020 ## - INTERNATIONAL STANDARD BOOK NUMBER
International Standard Book Number 0593651448
Qualifying information (trade)
020 ## - INTERNATIONAL STANDARD BOOK NUMBER
International Standard Book Number 9780593651452
Qualifying information (lib. bdg.)
035 ## - SYSTEM CONTROL NUMBER
System control number (OCoLC)on1412203250
040 ## - CATALOGING SOURCE
Original cataloging agency YDX
Language of cataloging eng
Description conventions rda
Transcribing agency YDX
Modifying agency OCLCO
-- BDX
-- CHILD
-- OCLCO
-- ILC
-- OCLCO
-- TXHLS
-- VP@
-- TOH
-- KCP
-- RB0
-- YDX
-- OCO
-- IUK
-- Z#6
-- ZVR
-- OCLCO
-- UIU
-- OCLCO
-- IUL
-- YBM
-- IG#
-- MNM
-- DLC
041 0# - LANGUAGE CODE
Language code of text/sound track or separate title eng
042 ## - AUTHENTICATION CODE
Authentication code lccopycat
043 ## - GEOGRAPHIC AREA CODE
Geographic area code n-us---
082 04 - DEWEY DECIMAL CLASSIFICATION NUMBER
Classification number 813/.6
-- [E]
Edition number 23/eng/20240816
092 ## - LOCALLY ASSIGNED DEWEY CALL NUMBER (OCLC)
Classification number E
100 1# - MAIN ENTRY--PERSONAL NAME
Personal name Fairbanks, Ashley,
Relator term author.
9 (RLIN) 6543344
245 10 - TITLE STATEMENT
Title This land /
Statement of responsibility, etc written by Ashley Fairbanks ; illustrated by Bridget George.
246 34 - VARYING FORM OF TITLE
Title proper/short title This land :
Remainder of title the history of the land we're on
246 30 - VARYING FORM OF TITLE
Title proper/short title History of the land we are on
250 ## - EDITION STATEMENT
Edition statement First edition.
264 #1 - Production, Publication, Distribution, Manufacture, and Copyright Notice.
Place of production, publication, distribution, manufacture New York :
Name of producer, publisher, distributor, manufacturer Crown Books for Young Readers,
Date of production, publication, distribution, manufacture, or copyr [2024]
300 ## - PHYSICAL DESCRIPTION
Extent 1 volume (34 unnumbered pages) :
Other physical details color illustrations ;
Dimensions 24 x 29 cm.
336 ## - Content Type
Content type term text
336 ## - Content Type
Content type term still image
337 ## - Media type
Media type term unmediated
338 ## - Carrier type
Carrier type term volume
490 1# - SERIES STATEMENT
Series statement A race to the truth book
500 ## - GENERAL NOTE
General note "The history of the land we're on"--Cover.
500 ## - GENERAL NOTE
General note Includes discussion questions.
520 ## - SUMMARY, ETC.
Summary, etc "Before my family lived in this house, a different family did, and before them, another family, and another before them. And before that, the family who lived here lived not in a house, but a wigwam. Who lived where you are before you got there?"--
650 #0 - SUBJECT ADDED ENTRY--TOPICAL TERM
Topical term or geographic name as entry element Families
Form subdivision Juvenile fiction.
9 (RLIN) 5674031
650 #0 - SUBJECT ADDED ENTRY--TOPICAL TERM
Topical term or geographic name as entry element Indigenous peoples
Geographic subdivision North America
Form subdivision Juvenile fiction.
9 (RLIN) 6543345
650 #0 - SUBJECT ADDED ENTRY--TOPICAL TERM
Topical term or geographic name as entry element Indians of North America
Form subdivision Juvenile fiction.
9 (RLIN) 5694006
650 #0 - SUBJECT ADDED ENTRY--TOPICAL TERM
Topical term or geographic name as entry element Indians, Treatment of
Geographic subdivision North America
Form subdivision Juvenile fiction.
9 (RLIN) 6543346
650 #0 - SUBJECT ADDED ENTRY--TOPICAL TERM
Topical term or geographic name as entry element Indian land transfers
General subdivision History
Form subdivision Juvenile fiction.
9 (RLIN) 6543347
650 #1 - SUBJECT ADDED ENTRY--TOPICAL TERM
Topical term or geographic name as entry element Family life
Form subdivision Fiction.
9 (RLIN) 5674038
651 #0 - SUBJECT ADDED ENTRY--GEOGRAPHIC NAME
Geographic name United States
General subdivision Colonization
Form subdivision Juvenile fiction.
9 (RLIN) 6543355
655 #7 - INDEX TERM--GENRE/FORM
Genre/form data or focus term Picture books.
Source of term lcgft
700 1# - ADDED ENTRY--PERSONAL NAME
Personal name George, Bridget,
Dates associated with a name 1994-
Relator term illustrator.
9 (RLIN) 6481920
830 #0 - SERIES ADDED ENTRY--UNIFORM TITLE
Uniform title Race to the truth.
9 (RLIN) 6543357
942 ## - ADDED ENTRY ELEMENTS (KOHA)
Source of classification or shelving scheme Dewey Decimal Classification
Koha item type BOOK
Holdings
Withdrawn status Lost status Source of classification or shelving scheme Damaged status Not for loan Collection code Home library Current library Shelving location Date acquired Source of acquisition Total Checkouts Total Renewals Full call number Barcode Date last seen Date checked out Cost, replacement price Price effective from Koha item type
    Dewey Decimal Classification     Children NonFiction Wasatch County Library Wasatch County Library Main Floor Childrens Area 08/08/2025 Ingram 2 1 E Social Diversity Fairbanks 34301002163618 11/20/2025 11/17/2025 18.99 08/08/2025 BOOK
This project was made possible through a grant from the Institute of Museum and Library Service administered by the Utah State Library Division.

Wasatch County Library

  • 465 East 1200 South, Heber City, Utah 84032
  • Phone 435-654-1511 | Fax 435-654-6456

Hours

  • Monday - Friday 9:30 AM - 8:00 PM
  • Saturday 9:30 AM - 1:30 PM
  • Closed Sundays and Holidays